000 01682cam a22001814a 4500
005 20250605164349.0
008 250528s ||||||||||||||||||||||||d
035 _a24094
040 _aGR-AtMCL
_bgre
_dGR-AtMCL
_eAACR2
245 1 _aΕκδήλωση: Οι Νέες Προκλήσεις στην Προστασία των Προσωπικών Δεδομένων / Επιστολή Ε.Β.Ε.Α. προς του Υπουργό Υποδομών και Μεταφορών για τα Διόδια Βαρυμπόμπης - Αγ. Στεφάνου
260 _bΕμπορικό Και Βιομηχανικό Επιμελητήριο Αθηνών,
_c2018
300 _a64
520 _aΕπίσκεψη της Νέας Διοικητικής Επιτροπής της Κ.Ε.Ε. στον Πρόεδρο της Δημοκρατίας, Επιχειρηματική Αποστολή στην Αιθιοπία, Οι Προοπτικές Επιχειρηματικής Συνεργασίας Μεταξύ Ελλάδας και Δημοκρατίας της Κορέας, Στο Τραπέζι του Eurogroup οι Προτάσεις για την Ελάφρυνση του Χρέους, Σε Τροχιά Ανάπτυξης η Ελληνική Οικονομία και το 2018, Eurostat: Στο Μισό του Ευρωπαϊκού το Κόστος Εργασίας στην Ελλάδα - Επιμένει η Ανεργία, Διατηρείται η Δυναμική των Ελληνικών Εξαγωγών, Νέα Σειρά Έργων στην Αττική.
700 1 _aΜίχαλος Κωνσταντίνος
_94319
942 _cCR
999 _c8993
_d8993